Electric machinery and transformers (Record no. 440)

000 -LEADER
fixed length control field 00469nam a2200193 4500
001 - CONTROL NUMBER
control field 440
003 - CONTROL NUMBER IDENTIFIER
control field BD-DhUET
008 - FIXED-LENGTH DATA ELEMENTS--GENERAL INFORMATION
fixed length control field 140721b xxu||||| |||| 00| 0 eng d
020 ## - INTERNATIONAL STANDARD BOOK NUMBER
International Standard Book Number 81203007755
040 ## - CATALOGING SOURCE
Transcribing agency 0
Modifying agency BD-DhUET
082 ## - DEWEY DECIMAL CLASSIFICATION NUMBER
Classification number 623.1042
Item number KOS/1991
100 ## - MAIN ENTRY--PERSONAL NAME
Personal name Kosow, Irving L.
245 ## - TITLE STATEMENT
Title Electric machinery and transformers
250 ## - EDITION STATEMENT
Edition statement 2nd ed.
260 ## - PUBLICATION, DISTRIBUTION, ETC. (IMPRINT)
Place of publication, distribution, etc. New Delhi
Name of publisher, distributor, etc. Prentice-Hall
Date of publication, distribution, etc. 1991
300 ## - PHYSICAL DESCRIPTION
Extent xiv,626p.
650 #0 - SUBJECT ADDED ENTRY--TOPICAL TERM
Topical term or geographic name as entry element Electric machinery
942 ## - ADDED ENTRY ELEMENTS (KOHA)
Koha item type General Book
Holdings
Price effective from Source of classification or shelving scheme Date acquired Koha date last borrowed Koha issues (times borrowed) Koha normalized classification for sorting Piece designation (barcode) Shelving location Koha date last seen Withdrawn status Damaged status Copy number Koha full call number Sublocation or collection (holding branch) Not for loan Koha item type Lost status Location (home branch)
2014-07-21 2014-07-21  623_104200000000000_KOS_1991103680Circulation section2014-07-21  1623.1042/KOS/1991Central Library, BUET General Book Central Library, BUET
2014-07-21 2014-07-21  623_104200000000000_KOS_1991103681Circulation section2016-12-07  2623.1042/KOS/1991Central Library, BUET General Book Central Library, BUET
2014-07-21 2014-07-212021-12-051623_104200000000000_KOS_1991103682Circulation section2021-12-15  3623.1042/KOS/1991Central Library, BUET General Book Central Library, BUET
2014-07-21 2014-07-21  623_104200000000000_KOS_1991103683Circulation section2014-07-21  4623.1042/KOS/1991Central Library, BUET General Book Central Library, BUET
2014-07-21 2014-07-21  623_000000000000000_1042KOS199103684Circulation section2014-07-21  5623.1042/KOS/1991Central Library, BUET General Book Central Library, BUET
2014-07-21 2014-07-21  623_104200000000000_KOS_1991103685Circulation section2014-07-21  6623.1042/KOS/1991Central Library, BUET General Book Central Library, BUET
2014-07-21 2014-07-21  623_104200000000000_KOS_1991103686Circulation section2014-07-21  7623.1042/KOS/1991Central Library, BUET General Book Central Library, BUET
2014-07-21 2014-07-21  623_000000000000000_1042KOS199103688Circulation section2016-11-29  8623.1042/KOS/1991Central Library, BUET General Book Central Library, BUET
2014-07-21 2014-07-21  623_104200000000000_KOS_1991103689Circulation section2017-03-11  9623.1042/KOS/1991Central Library, BUET General Book Central Library, BUET